000 01661cam a22004934i 4500
003 PE-LiUPU
005 20250731165626.0
008 150616s1960 flu r 000 0 spa d
035 _a(Sirsi) a6213
035 _a(Sirsi) a6213
040 _aPE-LiUPU
_bspa
_cPE-LiUPU
_erda
049 _aPRUA
082 0 4 _a291.03d
_bP44
_221
100 1 _aPike, E. Royston,
_eautor.
245 1 0 _aDiccionario de Religiones.
264 1 _aMiami :
_bSelecciones Religiosas,
_c1960.
300 _a426 páginas ;
_c23 centímetros
336 _atext
_2rdacontent
337 _aunmediated
_2rdamedia
338 _avolume
_2rdacarrier
505 0 _aDiccionario de religiones.
526 _aSEG44
526 _aSEG26
526 _aP151
526 _aP150
526 _aP149
526 _aP146
526 _aP145
526 _aP126
526 _aP125
526 _aP92
526 _aP75
526 _aP74
526 _aP27
526 _aP15
650 0 4 _aReligiones - Diccionarios.
910 _ajck
_bjvq
_cjck
942 _2ddc
_cBOOK
949 _aRC 291.03D P44
_wDEWEY
_c1
_i39623
_d2015-8-28
_e2015-8-28
_kCHECKEDOUT
_lRC
_mBUL
_n1
_rM
_sY
_tBOOK
_u2015-6-16
_xTEOLOGIA
_zUNKNOWN
_0COMPRA
_o.CIRCNOTE. No olvidar cambiar la fecha de devolución!!!!!!!
_o.STAFF. Colección Teología
994 _aC0
_bPEPRU
596 _a1
999 _aRC 291.03D P44
_wDEWEY
_c57323
_i39623
_d57323
_e2016-3-22
_f2021-11-8
_g7
_lCCODEBUL1
_mBUL
_n2
_p46.00
_q1
_r1
_sY
_tBOOK
_u2015-6-16
_xTEOLOGIA
_PP35
_0COMPRA
_o.CIRCNOTE. No olvidar cambiar la fecha de devolución!!!!!!!
_o.STAFF. Colección Teología
980 _81
_gALBERTO SANCHEZ Responsable de Automatización